000 00691nam a2200181Ia 4500
008 100920s9999 xx 000 0 und d
082 _b104659
_a891.43 न 06
100 _aसिंह प्रल्हाद.
245 _aव्यावसायिक बिमानन सुरक्षा.
260 _bभावना प्रकाशन,दिल्ली.
_c2006
300 _a296
_bसाधी
365 _b350
520 _aहिंदी.
630 _aव्यावसायिक बिमानन सुरक्षा.
650 _aहिंदी.
730 _aव्यावसायिक बिमानन सुरक्षा.
942 _cBOOK
999 _c745091
_d745088